| 000 | 01071nam a2200229 a 4500 | ||
|---|---|---|---|
| 001 | 000041744 | ||
| 005 | 20201002035730.0 | ||
| 008 | 131024s2005 sp ad 000 0 spa d | ||
| 020 | _a8400083505 | ||
| 040 |
_aDO-SdBNP _bspa _cBNPHU |
||
| 245 | 0 | 0 |
_aLa migración de europeos retirados en España / _ceditores Vicente Rodríguez Rodríguez, María Angeles Casado Díaz, Andreas Huber. |
| 260 |
_aMadrid : _bConsejo Superior de Investigaciones Científicas : _bInstituto de Estudios Sociales Avanzados, _c2005. |
||
| 300 |
_a343 p. : _bil.,gráf. ; _c24 cm. |
||
| 490 | 1 |
_aPoliteya, estudios de político y sociedad _v23 |
|
| 504 | _aIncluye bibliografía al final de cada capítulo | ||
| 504 | _aIncluye referencias bibliográficas y notas al pie de las páginas | ||
| 700 | 1 |
_aRodríguez Rodríguez, Vicente _eed. _967626 |
|
| 700 | 1 |
_aCasado Díaz, María Angeles, _eed. _968592 |
|
| 700 | 1 |
_aHuber, Andreas, _eed. _968593 |
|
| 710 | 2 |
_aConsejo Superior de Investigaciones Científicas (España) _915178 |
|
| 830 | 0 |
_aPoliteya, estudios de político y sociedad _v23 _968594 |
|
| 999 |
_c41233 _d41233 |
||